LEADER 01118nam a2200277 u 4500 001 000000115559 003 CaOOAMICUS 005 20090506173715.0 008 090506s2008 it u000 u ita r 020 $z978-88-17-03031-1* 040 $aPUL$bita$dLDB 245 03$aUn'avventura per sé :$bsi può vivere così /$ca cura di Paola Brizzi e Alberto Savorana. 260 $aMilano :$bBUR,$cc2008. 300 $a103 p. ;$c20 cm. 490 1 $aSaggi 504 $aBibliografia in nota. 650 4$aVita cristiana.$0(OLS)http://pul/subject/1596 700 1 $aSavorana, Alberto.$0(OLS)http://pul/name/71626 700 1 $aBrizzi, Paola.$0(OLS)http://pul/name/71625 830 0$aSaggi (BUR).$0(OLS)http://pul/title/142716 850 $aPUL 852 $aPUL$W1$xSL Religione 3$y85$m248 BRIPA 1$j132374$qDDC 21$B131372$CPULBib$Z2$F131372 $H109439 $82 941 1 $a9 996 $6020$z978-88-17-03031-1*$9(OLS)http://pul/number/140588 996 $6245$aUn'avventura per sé :$bsi può vivere così$9(OLS)http://pul/title/145199 996 $6260$aMilano :$bBUR$9(OLS)http://pul/publisher/70068 LEADER 01639nam a2200349 a 4500 001 000000134083 003 CaOOAMICUS 005 20130528112750.0 008 130528s2008 it u000 u ita r 020 $a978-88-06-19509-0 040 $aPUL$bita 041 1 $aita$hger 082 04$a111 100 1 $aWorringer, Wilhelm.$0(OLS)http://pul/name/86414 240 10$aAbstraktion und Einfühlung.$lItaliano.$0(OLS)http://pul/title/169504 245 10$aAstrazione e empatia :$bun contributo alla psicologia dello stile /$cWilhelm Worringer ; nuova edizione a cura di Andrea Pinotti ; traduzione di Elena De Angeli. 250 $aNuova ed. 260 $aTorino :$bGiulio Einaudi,$c©2008. 300 $aLXXII, 143 p. ;$c20 cm 490 1 $aPiccola biblioteca Einaudi. Nuova serie. Arte. Teatro. Cinema. Musica ;$v423 650 4$aEstetica$xStudi.$0(OLS)http://pul/subject/8622 700 1 $aPinotti, Andrea.$0(OLS)http://pul/name/71903 700 1 $aDe Angeli, Elena.$0(OLS)http://pul/name/86415 830 0$aPiccola biblioteca Einaudi.$pNuova serie.$pArte. Teatro. Cinema. Musica ;$v423.$0(OLS)http://pul/title/155618 850 $aPUL 852 $aPUL$W1$xSL Filosofia 3$y81$m111 WORWI 1$j154156$b $qDDC 21$B153708$CPULBib$Z2$F153708 $H122391 $81 941 1 $a9 996 $6020$a978-88-06-19509-0$9(OLS)http://pul/number/152844 996 $6082$a111$9(OLS)http://pul/classification/142 996 $6245$aAstrazione e empatia :$bun contributo alla psicologia dello stile$9(OLS)http://pul/title/169505 996 $6260$aTorino :$bGiulio Einaudi$9(OLS)http://pul/publisher/54573 LEADER 01154nam a2200277 u 4500 001 000000112771 003 CaOOAMICUS 005 20080718170834.0 008 080718s2008 it u000 u ita u 020 $z978-88-6132-216-5* 040 $aPUL$bita$dLDB 110 1 $aItalia.$kLeggi, statuti, ecc.$0(OLS)http://pul/name/10145 245 10$aCodice amministrativo /$ca cura di Francesco Bartolini. 250 $a17. ed. 260 $aPiacenza :$bLa tribuna,$c2008. 300 $a2482 p. ;$c19 cm. 490 1 $a2008 i codici vigenti 650 4$aDiritto amministrativo$zItalia.$0(OLS)http://pul/subject/8339 700 1 $aBartolini, Francesco,$d1942-$0(OLS)http://pul/name/35926 830 0$a2008 i codici vigenti.$0(OLS)http://pul/title/137927 850 $aPUL 852 $aPUL$W1$xDP2 Diritto e Scienze Sociali 3$y110$m348. 45 BZCOD 21$j129010$qDDC 21$B127977$CPULBib$Z2$F127977 $H107758 $82 941 1 $a9 996 $6020$z978-88-6132-216-5*$9(OLS)http://pul/number/138511 996 $6245$aCodice amministrativo$9(OLS)http://pul/title/141741 996 $6260$aPiacenza :$bLa tribuna$9(OLS)http://pul/publisher/62750